History Quiz

Random History or Art Quiz

Works of Art: Odd One Out Quiz Stats

 Plays Quiz Updated Jan 10, 2019

Also try: Artist by Painting
Challenge
Share
Tweet
Score 0/25 Timer 12:00
1 Play Today
% Correct
C: Botticelli (all others: Leonardo da Vinci)
90.9%
C: Albrecht Dürer (all others: M. C. Escher)
81.3%
D: Vincent van Gogh (all others: Georgia O'Keeffe)
77.2%
D: Georges Seurat (all others: Claude Monet)
76.9%
D: Albert Bierstadt (all others: J. M. W. Turner)
72.9%
D: Henri Rousseau (all others: Paul Gauguin)
64.6%
A: Edward Hopper (all others: Norman Rockwell)
61.1%
A: René Magritte (all others: Salvador Dalí)
59.6%
A: Jan van Eyck (all others: Caravaggio)
58.2%
A: Marcel Duchamp (all others: Pablo Picasso)
58.1%
A: Thomas Hart Benton (all others: El Greco)
57.8%
B: Piet Mondrian (all others: Paul Klee)
57.3%
D: Edgar Degas (all others: Pierre-Auguste Renoir)
56.6%
% Correct
C: Diego Velázquez (all others: Francisco de Goya)
56.5%
D: Michelangelo (all others: Auguste Rodin)
53.2%
B: James McNeill Whistler (all others: Katsushika Hokusai)
50.5%
C: Jan Vermeer (all others: Rembrandt)
47.8%
C: Polydorus et al. (all others: Michelangelo)
47.6%
B: Théodore Géricault (all others: Jacques-Louis David)
45.9%
D: Georges Braque (all others: Marc Chagall)
44.1%
C: Henri de Toulouse-Lautrec (all others: Henri Matisse)
42.5%
A: Hieronymus Bosch (all others: Pieter Brueghel the Elder)
40.6%
B: Paul Cézanne (all others: Vincent van Gogh)
40%
B: Nicolas Poussin (all others: Raphael)
28.3%
B: Joan Miró (all others: Wassily Kandinsky)
25.2%

You're not logged in!

Compare scores with friends on all Sporcle quizzes.
OR
Log In

You Might Also Like...

Show Comments

Extras

Top Quizzes Today


Score Distribution

Your Account Isn't Verified!

In order to create a playlist on Sporcle, you need to verify the email address you used during registration. Go to your Sporcle Settings to finish the process.

Report this User

Report this user for behavior that violates our Community Guidelines.

Details: